000 00970nmm a2200349 a 4500
003 AR-BaBNM
005 20251128203527.0
008 011101s1992 ||||||||||||||000 | spa||
020 _a950-581-769-X
040 _cAR-BaBNM
100 1 _aColombres, Adolfo
245 1 0 _aManual del promotor cultural
_bla acción práctica. 2
250 _a2ª ed.
260 _aBuenos Aires
_bHumanitas
_bColihue
_c1992
300 0 _a185 p.
_bgráfs., il.
650 4 _aSOCIOLOGIA CULTURAL
650 4 _aANTROPOLOGIA CULTURAL Y SOCIAL
650 4 _aETNOLINGUISTICA
650 4 _aASISTENCIA CULTURAL
650 4 _aCULTURAS POPULARES
650 4 _aCENTROS CULTURALES
650 4 _aABORIGENES AMERICANOS
650 4 _aIDENTIDAD CULTURAL
650 4 _aETNOLOGIA
650 4 _aGRUPOS ETNICOS
650 4 _aPOLITICA CULTURAL
650 4 _aMINORIAS CULTURALES
650 4 _aPARTICIPACION CULTURAL
650 4 _aPROGRAMAS CULTURALES
942 _cBK
998 _cMARTIN
999 _c3793
_d3793